01417 a2200205 450000100040000000500170000400800410002100300150006204000400007708000360011724500290015302000180018226400280020030000250022850507670025304100080102010000340102870000280106285601210109024020260407155416.0260407a2006 arg spa dAR-UNSa-BCEJYS aAR-UNSa-BCEJYSbspacAR-UNSa-BCEJYS a339.7xFinanzas Internacionales10aFinanzas internacionales a84-9732-510-9 1aMadrid :bThomsonc2006 axviii, 556 p.c24 cm a1. El Sistema Monetario Internacional - 2. Teorías sobre la determinación del tipo de cambio - 3. El mercado de divisas al contado y a plazo - 4. El mercado internacional de créditos - 5. El mercado internacional de renta fija - 6. El mercado internacional de renta variable - 7. Gestión de carteras internacionales - 8. Mercados derivados no organizados (OTC) en divisas - 9. Mercados derivados organizados de divisas - 10. La inversión directa en el extranjero - 11. Alternativas de financiación en el comercio internacional - 12. Los riesgos en las finanzas internacionales - 13. La fiscalidad de las inversiones directas en el extranjero - 14. La fiscalidad de las inversiones de cartera en el extranjero y de las operaciones de comercio exterior aspa1 aMarín, José Luis Martín1 aTéllez Valle, Cecilia41uhttps://biblioeco.unsa.edu.ar/pmb/images/libros/Finanzas internacionales2-l117568.jpgyImagen de portadaqimage/jpeg